000 02331nam a22002417a 4500
005 20221027150018.0
008 221027b |||||||| |||| 00| 0 eng d
020 _a8472070743
041 _aspa
082 _221a ed.
_a551.7
_bV47
100 _923046
_aVera Torres, Juan Antonio
_eautor
245 _aEstratigrafía:
_bprincipios y métodos /
_cJuan Antonio Vera Torres
260 _aMadrid :
_bEditorial Rueda,
_c1994
300 _aXVI pp., 806 p. :
_bfig., maps., il. ;
_c24 cm.
500 _aIncluye epílogo, glosario, índice analítico, clave de abreviaturas utilizadas en el texto (incluidas unidades de medida).
504 _aBibliografía: p. 755-768
505 _a1. Concepto e historia de la Estratigrafía -- 2. Estrato y estratificación -- 3. Las rocas estratificadas en el contexto del ciclo geológico -- 4. El tiempo en Geología -- 5. Métodos de estudio de las rocas estratificadas -- 6. Facies -- 7. Asociaciones de facies -- 8. Unidades litoestratigráficas -- 9. Criterios de polaridad vertical y horizontal -- 10. Continuidad y discontinuidad: Tipos y génesis de discontinuidades -- 11. Secciones estratigráficas -- 12. Bioestratigrafía -- 13. Magnetoestratigrafía -- 14. Quimioestratigrafía -- 15. Los eventos en el registro estratigráfico -- 16. La ciclicidad en el regfistro estratigráfico -- 17. Correlaciones estratigráficas -- 18. Mapas estratigráficos -- 19. Nomenclatura estratigráfica -- 20. Cambios relativos del nivel del mar. Secciones transgresivas y regresivas -- 21. La Estratigrafía sísmica y secuencial -- 22. Análisis de cuencas.
520 _aEn este apartado, último del libro, se van a hacer unas reflexiones sobre algunos aspectos globalesde la Estratigrafía, incluidas las opiniones personales del autor sobre el posible desarrollo futuro de esta ciencia. En el prólogo se justifica el contenido de este libro y la exclusión del mismo de los aspectos aplicados por considerar que hay libros y monografías que los abordan ampliamente, pero ya se insistía allí en la idea de que se trata de una ciencia con una doble faceta (básica y ampliada) como también ocurre con algunas otras ciencias geológicas.
650 0 _923069
_aESTRATIGRAFÍA
650 0 _923070
_aGEOLOGÍA ESTRATIGRÁFICA
942 _cLIBRO
_e2022-10-27
_zJATL
999 _c30323
_d30323